[Event "SR Extraliga 2016/2017"]
[Site "?"]
[Date "2017.03.26"]
[Round "11.8"]
[White "Pcola, Jaroslav st"]
[Black "Kostolansky, Sebastian Lukas"]
[Result "0-1"]
[WhiteElo "2080"]
[BlackElo "2170"]
[PlyCount "66"]
[EventDate "2016.??.??"]

1. e4 e6 2. d4 d5 3. Nd2 c5 4. dxc5 Bxc5 5. Bd3 Nc6 6. Ngf3 Nge7 7. O-O O-O 8.
Qe2 Nb4 9. Nb3 Nxd3 10. cxd3 Bd6 11. e5 Bc7 12. Bg5 h6 13. Bd2 a5 14. Nbd4 Bd7
15. a4 Ng6 16. Rfe1 f6 17. exf6 Qxf6 18. Nb5 Bb8 19. d4 Bf4 20. Ne5 Nxe5 21.
Bxf4 Qxf4 22. dxe5 Bxb5 23. axb5 b6 24. Ra3 Rac8 25. Rf3 Qb4 26. Rxf8+ Qxf8 27.
g4 Rc4 28. h3 Qc5 29. g5 hxg5 30. Qh5 Qe7 31. Re3 Rc2 32. Qd1 Qc7 33. Qh5 Qf7
0-1

[Event "SR Extraliga 2016/2017"]
[Site "?"]
[Date "2017.03.26"]
[Round "11.1"]
[White "Erdos, Viktor"]
[Black "Stocek, Jiri"]
[Result "1/2-1/2"]
[WhiteElo "2596"]
[BlackElo "2568"]
[PlyCount "75"]
[EventDate "2016.??.??"]

1. Nf3 d5 2. d4 Nf6 3. c4 e6 4. Nc3 c5 5. cxd5 cxd4 6. Qxd4 exd5 7. Bg5 Be7 8.
e3 O-O 9. Be2 h6 10. Bh4 Nc6 11. Qa4 Qb6 12. Qb5 Be6 13. O-O Rfd8 14. Rfd1 Rd7
15. Qxb6 axb6 16. Bb5 Ne4 17. Bxe7 Nxc3 18. bxc3 Rxe7 19. Rdb1 Rc7 20. Bf1 Nd8
21. Rxb6 Rxc3 22. a4 Bd7 23. a5 Kf8 24. h3 Rc5 25. a6 bxa6 26. Rbxa6 Rxa6 27.
Bxa6 Ke7 28. Bd3 Nc6 29. Rb1 Rc3 30. Bb5 Nd8 31. Bxd7 Kxd7 32. Rb5 Kd6 33. Rb6+
Rc6 34. Rb1 Ne6 35. Rd1 Rc4 36. Ra1 d4 37. Ra6+ Rc6 38. Ra3 1/2-1/2

[Event "SR Extraliga 2016/2017"]
[Site "?"]
[Date "2017.03.26"]
[Round "11.2"]
[White "Vetoshko, Volodymyr"]
[Black "Vajda, Levente"]
[Result "0-1"]
[WhiteElo "2503"]
[BlackElo "2594"]
[PlyCount "96"]
[EventDate "2016.??.??"]

1. e4 e5 2. Nf3 Nc6 3. Bb5 a6 4. Ba4 Nf6 5. O-O Be7 6. Re1 b5 7. Bb3 d6 8. c3
O-O 9. h3 Nb8 10. d4 Nbd7 11. Nbd2 Bb7 12. Bc2 Re8 13. Nf1 Bf8 14. Ng3 g6 15.
a4 c5 16. d5 c4 17. Bg5 Nc5 18. Qd2 Bg7 19. Nh2 Qc7 20. Rf1 h5 21. Bh6 Bh8 22.
Nf3 Nh7 23. Be3 Bf6 24. Ne2 Reb8 25. Nc1 Bc8 26. axb5 axb5 27. Na2 Bd7 28. Nb4
Rf8 29. Qe2 Qb7 30. Nd2 Rxa1 31. Rxa1 Ra8 32. Qd1 Bg5 33. Bxg5 Nxg5 34. Qf1 Nh7
35. Rxa8+ Qxa8 36. f4 Qe8 37. fxe5 Qxe5 38. Nf3 Qf4 39. Nd4 Qe3+ 40. Qf2 Qc1+
41. Kh2 Ng5 42. Qf6 Qd2 43. h4 Ngxe4 44. Bxe4 Nxe4 45. Qd8+ Kg7 46. Qxd7 Qf4+
47. Kg1 Qe3+ 48. Kh2 Nf6 0-1

[Event "SR Extraliga 2016/2017"]
[Site "?"]
[Date "2017.03.26"]
[Round "11.3"]
[White "Petenyi, Tamas"]
[Black "Nayhebaver, Martin"]
[Result "1-0"]
[WhiteElo "2439"]
[BlackElo "2448"]
[PlyCount "135"]
[EventDate "2016.??.??"]

1. e4 c5 2. Nf3 d6 3. d4 cxd4 4. Nxd4 Nf6 5. Nc3 a6 6. Be3 e5 7. Nb3 Be7 8. f3
Be6 9. Qd2 O-O 10. O-O-O a5 11. Bb5 Na6 12. Qe2 Qb8 13. Kb1 Nc7 14. Ba4 d5 15.
Bc5 Bxc5 16. Nxc5 d4 17. Nb5 Bc8 18. c4 b6 19. Nd3 Na6 20. Na3 Qc7 21. Rc1 Nc5
22. Bc2 Nfd7 23. g3 Bb7 24. h4 Rae8 25. h5 Nxd3 26. Bxd3 Nc5 27. h6 g6 28. g4
Kh8 29. Rhg1 Qe7 30. Qd2 Ne6 31. g5 f6 32. gxf6 Rxf6 33. Be2 Rd8 34. Ka1 Rf4
35. c5 Nxc5 36. Nc4 Nd7 37. Na3 Nf8 38. Nb5 Ne6 39. Na3 d3 40. Bd1 Nd4 41. Nc4
Qf6 42. Ne3 Nxf3 43. Bxf3 Rxf3 44. Rc7 Bxe4 45. Ng4 Rf1+ 46. Rc1 Rxc1+ 47. Qxc1
Qd6 48. Qd2 Rc8 49. Ne3 Bf3 50. a3 e4 51. Rc1 Rxc1+ 52. Qxc1 Qc5 53. Nc4 Kg8
54. Qc3 Kf7 55. Qg7+ Ke8 56. Qg8+ Kd7 57. Qxh7+ Kc6 58. Qg8 e3 59. Qc8+ Kd5 60.
Qxc5+ bxc5 61. Nxe3+ Ke4 62. Nf1 Be2 63. Nd2+ Ke3 64. Nb1 g5 65. h7 g4 66. h8=Q
g3 67. Qh6+ Kf2 68. Qf4+ 1-0

[Event "SR Extraliga 2016/2017"]
[Site "?"]
[Date "2017.03.26"]
[Round "11.4"]
[White "Harvan, Richard"]
[Black "Bokros, Albert"]
[Result "0-1"]
[WhiteElo "2086"]
[BlackElo "2486"]
[PlyCount "48"]
[EventDate "2016.??.??"]

1. e4 c5 2. Nf3 e6 3. d4 cxd4 4. Nxd4 Nf6 5. Nc3 d6 6. Be3 a6 7. f3 b5 8. Qd2
Bb7 9. g4 Nfd7 10. a3 Nb6 11. O-O-O N8d7 12. Kb1 Rc8 13. Nb3 Be7 14. h4 O-O 15.
Na5 Ba8 16. g5 d5 17. exd5 Nxd5 18. Nxd5 Bxd5 19. Be2 Qc7 20. Rc1 Ne5 21. Rhf1
Rfd8 22. Qe1 Ng6 23. Bd3 Nf4 24. Be4 Ng2 0-1

[Event "SR Extraliga 2016/2017"]
[Site "?"]
[Date "2017.03.26"]
[Round "11.5"]
[White "Varga, Zoltan"]
[Black "Najgebauer, Szemjon"]
[Result "1/2-1/2"]
[WhiteElo "2433"]
[BlackElo "2272"]
[PlyCount "102"]
[EventDate "2016.??.??"]

1. e4 c5 2. Nf3 Nc6 3. d4 cxd4 4. Nxd4 Nf6 5. Nc3 e5 6. Ndb5 d6 7. Bg5 a6 8.
Na3 b5 9. Nd5 Be7 10. Nxe7 Nxe7 11. Bd3 Nd7 12. b4 Nb6 13. c4 bxc4 14. Nxc4
Nxc4 15. Bxc4 Bb7 16. Qa4+ Bc6 17. Qxc6+ Nxc6 18. Bxd8 Kxd8 19. Rc1 Ra7 20. Kd2
Ke7 21. Bxf7 Nxb4 22. Bb3 a5 23. Rc3 Rf8 24. f3 Na6 25. Rhc1 Nc5 26. Rxc5 dxc5
27. Rxc5 Kf6 28. Rc6+ Kg5 29. Re6 a4 30. Bd5 Rb8 31. Rxe5+ Kh6 32. Re6+ g6 33.
Kc3 Rc7+ 34. Kd4 Rb2 35. g4 Rxh2 36. f4 Rg2 37. f5 Kg5 38. Ke5 Rxg4 39. f6 Rf4
40. Re7 Rc2 41. Rxh7 Rxf6 42. Ra7 Rb6 43. Rxa4 Kh4 44. Ra7 Rc8 45. a4 Re8+ 46.
Kd4 g5 47. a5 Rb1 48. Rh7+ Kg3 49. a6 Rb4+ 50. Kc5 Rbxe4 51. Bxe4 Rxe4 1/2-1/2

[Event "SR Extraliga 2016/2017"]
[Site "?"]
[Date "2017.03.26"]
[Round "11.6"]
[White "Frindt, Kornel"]
[Black "Meszaros, Michal"]
[Result "0-1"]
[WhiteElo "2178"]
[BlackElo "2359"]
[PlyCount "94"]
[EventDate "2016.??.??"]

1. Nf3 g6 2. g3 Bg7 3. Bg2 d5 4. O-O e5 5. d3 Ne7 6. e4 O-O 7. Bd2 d4 8. Qc1 c5
9. Bh6 Nbc6 10. Bxg7 Kxg7 11. c3 b6 12. Ne1 dxc3 13. Nxc3 Ba6 14. Nd5 Nxd5 15.
exd5 Nd4 16. Qe3 Qd6 17. f4 Rae8 18. Kh1 Bb7 19. b4 cxb4 20. fxe5 Qxe5 21. Qe4
f5 22. Qxe5+ Rxe5 23. Rf4 Rfe8 24. Nf3 Nxf3 25. Bxf3 Bxd5 26. Bxd5 Rxd5 27.
Rxb4 Rxd3 28. Rb2 Red8 29. Rc2 Rd1+ 30. Rxd1 Rxd1+ 31. Kg2 Kf6 32. h4 Rd3 33.
a4 Ra3 34. Rc4 Ke5 35. Kh2 Kd5 36. Rf4 Ra2+ 37. Kg1 h5 38. Kh1 Kc5 39. Kg1 Rc2
40. Rf1 Rc4 41. a5 b5 42. Re1 b4 43. Re5+ Kd4 44. Re7 b3 45. Rb7 Kc3 46. Rxa7
b2 47. Rb7 Rb4 0-1

[Event "SR Extraliga 2016/2017"]
[Site "?"]
[Date "2017.03.26"]
[Round "11.7"]
[White "Bagi, Mate"]
[Black "Jurcisin, Imrich"]
[Result "1-0"]
[WhiteElo "2450"]
[BlackElo "2014"]
[PlyCount "77"]
[EventDate "2016.??.??"]

1. e4 d5 2. exd5 Nf6 3. Nf3 Nxd5 4. d4 Bf5 5. Bd3 Bxd3 6. Qxd3 Nc6 7. c4 Ndb4
8. Qb3 e5 9. O-O Nxd4 10. Nxd4 Qxd4 11. a3 Qd3 12. Qa4+ Nc6 13. Rd1 Qf5 14. Be3
Bd6 15. c5 Be7 16. Nc3 O-O 17. Nd5 Bd8 18. Rd2 Qe6 19. Re1 a6 20. f3 Ne7 21.
Nc3 Nf5 22. Bf2 c6 23. f4 Bc7 24. Qb4 Rab8 25. Kh1 Rfe8 26. g4 Nh6 27. f5 Qe7
28. Ne4 Nxg4 29. Rg1 Nxf2+ 30. Rxf2 Qh4 31. Rfg2 g6 32. Rg4 Qd8 33. Qb3 Kf8 34.
Qh3 Qd5 35. Qxh7 gxf5 36. Qxf5 Ke7 37. Qf6+ Kd7 38. Qf3 Bd8 39. Rd1 1-0

[Event "SR Extraliga 2016/2017"]
[Site "?"]
[Date "2017.03.26"]
[Round "11.8"]
[White "Michel, Norbert"]
[Black "Rachela, Jozef"]
[Result "1-0"]
[WhiteElo "2045"]
[BlackElo "2040"]
[PlyCount "99"]
[EventDate "2016.??.??"]

1. e4 e5 2. Nf3 Nc6 3. d4 exd4 4. Nxd4 Bc5 5. Nb3 Bb6 6. Nc3 Nge7 7. Qe2 O-O 8.
Be3 d6 9. O-O-O Bd7 10. Kb1 Re8 11. Qd2 Bxe3 12. Qxe3 Ng6 13. Qd2 Be6 14. f4
Bxb3 15. axb3 Nb4 16. h4 Qf6 17. g3 a6 18. h5 Nf8 19. Nd5 Nxd5 20. exd5 Re7 21.
Bd3 Rae8 22. g4 Re3 23. Rdf1 Qe7 24. g5 f6 25. h6 g6 26. f5 fxg5 27. fxg6 hxg6
28. h7+ Kh8 29. Qc3+ Re5 30. Ka2 Qg7 31. Rfg1 R8e7 32. Qb4 c6 33. dxc6 bxc6 34.
Qxd6 Rd7 35. Qxc6 Rc7 36. Qg2 a5 37. Rf1 Rce7 38. Rf3 Ne6 39. Bc4 Nf4 40. Qd2
Rd7 41. Qc3 Rc7 42. Qd4 Rc8 43. Rd1 Rce8 44. Rff1 R8e7 45. Qb6 Re8 46. Bb5 Rf8
47. Rd7 Re7 48. Rxe7 Qxe7 49. Qxa5 Nd5 50. c3 1-0

[Event "SR Extraliga 2016/2017"]
[Site "?"]
[Date "2017.03.26"]
[Round "11.1"]
[White "Balogh, Csaba"]
[Black "Neuman, Petr"]
[Result "1/2-1/2"]
[WhiteElo "2632"]
[BlackElo "2430"]
[PlyCount "44"]
[EventDate "2016.??.??"]

1. e4 d6 2. d4 Nf6 3. Nc3 e5 4. Nf3 Nbd7 5. Bc4 Be7 6. a4 O-O 7. O-O c6 8. Re1
a5 9. h3 Nb6 10. Bb3 Nfd7 11. Be3 exd4 12. Nxd4 Nc5 13. Qf3 Nxb3 14. cxb3 g6
15. Rad1 Nd7 16. Bh6 Re8 17. Nf5 Ne5 18. Qg3 Bxf5 19. exf5 Bh4 20. Qe3 d5 21.
g3 Bf6 22. Kg2 Nd7 1/2-1/2

[Event "SR Extraliga 2016/2017"]
[Site "?"]
[Date "2017.03.26"]
[Round "11.2"]
[White "Mazur, Stefan"]
[Black "Michalik, Peter"]
[Result "1/2-1/2"]
[WhiteElo "2464"]
[BlackElo "2578"]
[PlyCount "81"]
[EventDate "2016.??.??"]

1. e4 e5 2. Nf3 Nc6 3. Bb5 a6 4. Ba4 Nf6 5. O-O Be7 6. Re1 b5 7. Bb3 d6 8. c3
O-O 9. h3 Nb8 10. d4 Nbd7 11. Nbd2 Bb7 12. Bc2 Re8 13. Nf1 Bf8 14. Ng3 g6 15.
a4 c5 16. d5 c4 17. Bg5 Nc5 18. Qd2 Be7 19. Bh6 Nfd7 20. Rf1 Nxa4 21. Bxa4 bxa4
22. Nh2 Bh4 23. Nf3 Bf6 24. Nh2 Nc5 25. Qe3 Bh4 26. Nf3 Bf6 27. Ng5 Bg7 28.
Bxg7 Kxg7 29. f4 f6 30. Nf3 exf4 31. Qxf4 Bc8 32. Nd2 Nd3 33. Qe3 Ne5 34. Rxa4
Bd7 35. Ra2 a5 36. Ne2 a4 37. Nd4 Qc7 38. Qf2 Rf8 39. Rfa1 Nd3 40. Qg3 Rfe8 41.
Kh2 1/2-1/2

[Event "SR Extraliga 2016/2017"]
[Site "?"]
[Date "2017.03.26"]
[Round "11.3"]
[White "Rigo, Zsolt"]
[Black "Plachetka, Jan"]
[Result "1/2-1/2"]
[WhiteElo "2388"]
[BlackElo "2356"]
[PlyCount "23"]
[EventDate "2016.??.??"]

1. e4 d6 2. d4 Nf6 3. Nc3 e5 4. Nf3 Nbd7 5. Bc4 Be7 6. O-O O-O 7. a4 c6 8. Re1
b6 9. Ba2 a6 10. Nh4 exd4 11. Qxd4 Ne5 12. Nf5 1/2-1/2

[Event "SR Extraliga 2016/2017"]
[Site "?"]
[Date "2017.03.26"]
[Round "11.4"]
[White "Hrabusa, Matej"]
[Black "Maslik, Miroslav"]
[Result "1/2-1/2"]
[WhiteElo "2333"]
[BlackElo "2340"]
[PlyCount "149"]
[EventDate "2016.??.??"]

1. d4 Nf6 2. Bg5 Ne4 3. h4 c5 4. d5 Nxg5 5. hxg5 Qb6 6. Nd2 Qxb2 7. g6 Qf6 8.
gxf7+ Qxf7 9. e4 e6 10. Ngf3 Be7 11. dxe6 dxe6 12. Bb5+ Bd7 13. Rb1 O-O 14.
Bxd7 Nxd7 15. Rxb7 Ne5 16. Qa1 Nxf3+ 17. Nxf3 Rfb8 18. Rxb8+ Rxb8 19. O-O Rb4
20. Rb1 Qf6 21. e5 Qf5 22. Rxb4 cxb4 23. Qd1 Kf7 24. Qe2 Qf4 25. g3 Qg4 26. Kg2
h5 27. Qe3 a5 28. Nd2 Qf5 29. Qf3 Kg6 30. Nc4 Qxc2 31. Nxa5 Qxa2 32. Nc6 Bc5
33. Nxb4 Bxb4 34. Qe4+ Kh6 35. Qf4+ Kh7 36. Qe4+ Kh6 37. Qf4+ Kg6 38. Qe4+ Kf7
39. Qf4+ Kg8 40. Qxb4 Qd5+ 41. Kg1 Qxe5 42. Qc4 Qd5 43. Qf4 Kh7 44. Qf7 Kh6 45.
Qf4+ Kg6 46. Qf8 Qf5 47. Qe8+ Kg5 48. Qd8+ Qf6 49. Qd2+ Kg6 50. Qc2+ Qf5 51.
Qc6 Kh7 52. Qd7 Qb1+ 53. Kh2 Qe4 54. Kg1 Qg4 55. Qd3+ Qg6 56. Qd4 Qb1+ 57. Kh2
Qf5 58. Kg1 e5 59. Qd5 Qb1+ 60. Kg2 Qf5 61. Kg1 Kh6 62. Qd2+ Kg6 63. Qd6+ Qf6
64. Qd3+ Kh6 65. Qd2+ Kh7 66. Qd3+ Qg6 67. Qd5 e4 68. Qe5 h4 69. Kg2 Qg4 70.
Qc3 Kh6 71. Qc6+ g6 72. Qc3 hxg3 73. Qh8+ Kg5 74. Qd8+ Kf5 75. Qc8+ 1/2-1/2

[Event "SR Extraliga 2016/2017"]
[Site "?"]
[Date "2017.03.26"]
[Round "11.5"]
[White "Federic, Jozef"]
[Black "Tropp, Oliver"]
[Result "1/2-1/2"]
[WhiteElo "2287"]
[BlackElo "2220"]
[PlyCount "110"]
[EventDate "2016.??.??"]

1. d4 e6 2. Bf4 Nf6 3. e3 Be7 4. Bd3 b6 5. h3 Bb7 6. Nf3 c5 7. O-O d6 8. Nbd2
Nbd7 9. Qe2 O-O 10. c3 Qc7 11. e4 e5 12. dxe5 dxe5 13. Bg5 Rfe8 14. Bxf6 Bxf6
15. Rfd1 Nf8 16. Bc4 Ne6 17. Nf1 Nf4 18. Qc2 a6 19. a4 Rad8 20. Ne3 g6 21. Kh2
h5 22. g3 Ne6 23. Bd5 Bc8 24. Qb3 h4 25. Nc4 b5 26. axb5 axb5 27. Qxb5 Ng5 28.
Nxg5 Bxg5 29. Qc6 Qxc6 30. Bxc6 Rxd1 31. Rxd1 Re6 32. Bd5 Re7 33. Ra1 Be6 34.
Bxe6 Rxe6 35. Rd1 Be7 36. Rd5 f6 37. gxh4 Ra6 38. Kg2 Ra4 39. b3 Ra1 40. Rd3
Kf7 41. Kf3 Ke6 42. Ke2 f5 43. exf5+ gxf5 44. h5 f4 45. Rd1 Ra2+ 46. Rd2 Ra1
47. Rd1 Ra2+ 48. Nd2 e4 49. Rg1 Kf5 50. Rg8 Bg5 51. Rf8+ Ke5 52. Kd1 Ra1+ 53.
Kc2 Ra2+ 54. Kd1 Ra1+ 55. Kc2 Ra2+ 1/2-1/2

[Event "SR Extraliga 2016/2017"]
[Site "?"]
[Date "2017.03.26"]
[Round "11.6"]
[White "Macko, Michal"]
[Black "Banas, Kamil"]
[Result "1/2-1/2"]
[WhiteElo "2199"]
[BlackElo "2238"]
[PlyCount "31"]
[EventDate "2016.??.??"]

1. e4 e5 2. Nf3 Nf6 3. Nxe5 d6 4. Nf3 Nxe4 5. Nc3 Nf6 6. d4 Be7 7. Bd3 Bg4 8.
h3 Bh5 9. Be3 c6 10. Qd2 Nbd7 11. Nh4 Bg6 12. Nxg6 hxg6 13. O-O-O Nb6 14. Bg5
Qd7 15. Rde1 O-O-O 16. Re2 1/2-1/2

[Event "SR Extraliga 2016/2017"]
[Site "?"]
[Date "2017.03.26"]
[Round "11.7"]
[White "Bochnicka, Vladimir ml"]
[Black "Palecek, Peter"]
[Result "0-1"]
[WhiteElo "1830"]
[BlackElo "2240"]
[PlyCount "64"]
[EventDate "2016.??.??"]

1. e4 e5 2. Nf3 Nc6 3. d4 exd4 4. Nxd4 Bc5 5. Be3 Qf6 6. c3 Nge7 7. g3 h5 8.
Bg2 h4 9. O-O d6 10. Na3 Ne5 11. Ndc2 hxg3 12. fxg3 Bxe3+ 13. Nxe3 Qh6 14. Nd5
Nxd5 15. Qxd5 Qe3+ 16. Rf2 c6 17. Qd4 Qxd4 18. cxd4 Ng4 19. Rf4 g5 20. Rf3 Nxh2
21. Rf6 Ke7 22. e5 dxe5 23. dxe5 Be6 24. Rf2 Ng4 25. Re2 Rad8 26. Nc2 Rd3 27.
a3 Rxg3 28. Rd1 Rd8 29. Rxd8 Kxd8 30. Nd4 Ne3 31. Nf3 Nxg2 32. Rxg2 Rxf3 0-1

[Event "SR Extraliga 2016/2017"]
[Site "?"]
[Date "2017.03.26"]
[Round "11.8"]
[White "Mraz, Ondrej"]
[Black "Sobek, Michal"]
[Result "1-0"]
[WhiteElo "2174"]
[BlackElo "1943"]
[PlyCount "31"]
[EventDate "2016.??.??"]

1. e4 d5 2. exd5 Nf6 3. d4 Bg4 4. Nf3 Qxd5 5. Be2 Nc6 6. O-O O-O-O 7. Be3 e5 8.
c4 Qe6 9. d5 Qf5 10. Qa4 Nb4 11. Qxa7 Nc2 12. Bd3 Qxd3 13. Nxe5 Qxf1+ 14. Kxf1
c5 15. Nxf7 Nxd5 16. Qa8+ 1-0

[Event "SR Extraliga 2016/2017"]
[Site "?"]
[Date "2017.03.26"]
[Round "11.1"]
[White "Balog, Imre"]
[Black "Miton, Kamil"]
[Result "1/2-1/2"]
[WhiteElo "2560"]
[BlackElo "2617"]
[PlyCount "99"]
[EventDate "2016.??.??"]

1. d4 d5 2. c4 c6 3. Nf3 Nf6 4. Qb3 dxc4 5. Qxc4 Bf5 6. g3 e6 7. Bg2 Nbd7 8.
O-O Be7 9. Nc3 O-O 10. e3 Ne4 11. Qb3 Qc7 12. Nd2 Nxc3 13. bxc3 e5 14. Ba3 Be6
15. Qb2 Nb6 16. Bxe7 Qxe7 17. Rfb1 Rab8 18. a4 Qc7 19. Qa3 Nd7 20. a5 Rfc8 21.
Ne4 c5 22. dxc5 Nxc5 23. Nxc5 Qxc5 24. Bxb7 Qxc3 25. Qxc3 Rxc3 26. Bd5 Rbc8 27.
Bxe6 fxe6 28. Rb7 R8c7 29. Rab1 Kf7 30. R1b5 Ke7 31. Rxc7+ Rxc7 32. Rxe5 a6 33.
f4 Kf6 34. Kg2 Rc2+ 35. Kh3 h6 36. Kg4 Rxh2 37. Rc5 Re2 38. Kf3 Ra2 39. e4 Ra3+
40. Kg4 Ra4 41. e5+ Kg6 42. Rc6 h5+ 43. Kh3 Kf5 44. Rxa6 g5 45. fxg5 Kxg5 46.
Ra8 Kf5 47. a6 Kxe5 48. a7 Ke4 49. Kh4 Ra5 50. Re8 1/2-1/2

[Event "SR Extraliga 2016/2017"]
[Site "?"]
[Date "2017.03.26"]
[Round "11.2"]
[White "Bulski, Krzysztof"]
[Black "Kriebel, Tadeas"]
[Result "1/2-1/2"]
[WhiteElo "2524"]
[BlackElo "2465"]
[PlyCount "31"]
[EventDate "2016.??.??"]

1. d4 Nf6 2. c4 e6 3. Nc3 d5 4. cxd5 exd5 5. Bg5 c6 6. e3 Be7 7. Qc2 Nbd7 8.
Bd3 h6 9. Bh4 Nh5 10. Bxe7 Qxe7 11. O-O-O Nb6 12. Kb1 Be6 13. h3 O-O-O 14. Nf3
Kb8 15. Rc1 Nf6 16. Na4 1/2-1/2

[Event "SR Extraliga 2016/2017"]
[Site "?"]
[Date "2017.03.26"]
[Round "11.3"]
[White "Schwarz, Dusan"]
[Black "Jurcik, Martin"]
[Result "1/2-1/2"]
[WhiteElo "2319"]
[BlackElo "2320"]
[PlyCount "115"]
[EventDate "2016.??.??"]

1. d4 d5 2. c4 dxc4 3. Nf3 a6 4. e3 Bg4 5. Bxc4 e6 6. Nc3 Nc6 7. h3 Bh5 8. O-O
Nf6 9. Be2 Bd6 10. e4 Bxf3 11. Bxf3 Nxd4 12. e5 Nxf3+ 13. Qxf3 Bxe5 14. Qxb7
O-O 15. Re1 Bd4 16. Rd1 c5 17. Bf4 Nd5 18. Bg3 Qc8 19. Qb3 Qc6 20. Ne2 Bf6 21.
Rac1 Rfc8 22. Nd4 Qd7 23. Nf3 Qb5 24. Ne5 Ra7 25. Nc4 Qxb3 26. axb3 Bd4 27. Ra1
f6 28. Ra5 e5 29. Kf1 Rc6 30. Rda1 Kf7 31. f3 Ke6 32. Bf2 Nc7 33. Be1 Nd5 34.
g3 g5 35. Ke2 h5 36. Bd2 Ne7 37. Kd3 Nd5 38. g4 h4 39. R1a2 Nc7 40. Ra1 Ra8 41.
Re1 Rb8 42. Kc2 Kd5 43. Bc3 Ne6 44. Rd1 Nf4 45. Rh1 Re6 46. Bd2 Ne2 47. Re1 Ng1
48. Ne3+ Bxe3 49. Bxe3 Nxf3 50. Rxc5+ Kd6 51. Rd1+ Nd4+ 52. Bxd4 exd4 53. Ra5
Re2+ 54. Kd3 Rxb2 55. Rxa6+ Kd5 56. Ra5+ Kd6 57. Ra6+ Kd5 58. Ra5+ 1/2-1/2

[Event "SR Extraliga 2016/2017"]
[Site "?"]
[Date "2017.03.26"]
[Round "11.4"]
[White "Kantorik, Marian"]
[Black "Straka, Jozef"]
[Result "1/2-1/2"]
[WhiteElo "2265"]
[BlackElo "2278"]
[PlyCount "149"]
[EventDate "2016.??.??"]

1. d4 d5 2. c4 e6 3. Nc3 Nf6 4. cxd5 exd5 5. Bg5 Be7 6. e3 O-O 7. Bd3 Nbd7 8.
Qc2 c6 9. Nge2 Re8 10. O-O Nf8 11. Rad1 Bg4 12. f3 Bh5 13. Bh4 Bg6 14. Bf2 Bd6
15. h3 Bc7 16. e4 dxe4 17. fxe4 Bb6 18. e5 Nd5 19. Bxg6 hxg6 20. Ne4 Bc7 21.
Qb3 Rb8 22. Qf3 Ne6 23. N2c3 Rf8 24. h4 Nxc3 25. bxc3 Qd5 26. Be3 b5 27. Qg4
Bd8 28. Rf3 b4 29. Rdf1 Be7 30. Rh3 bxc3 31. h5 g5 32. h6 g6 33. Nxc3 Qc4 34.
Ne4 Nxd4 35. Rf2 Rb1+ 36. Kh2 Qe6 37. h7+ Kh8 38. Qxe6 Nxe6 39. Bxa7 Rb5 40.
Nf6 Bxf6 41. exf6 Ra5 42. Bb6 Ra6 43. Be3 c5 44. Rg3 Rc8 45. Bxg5 Nxg5 46. Rxg5
c4 47. Rg3 Rcc6 48. Rc3 Kxh7 49. Rf4 g5 50. Rfxc4 Rxc4 51. Rxc4 Rxa2 52. Kh3
Kg6 53. g4 Rf2 54. Kg3 Rf1 55. Ra4 Rxf6 56. Rb4 Rd6 57. Ra4 Kf6 58. Ra5 Rc6 59.
Rb5 Kg6 60. Ra5 f6 61. Rb5 Kf7 62. Ra5 Ke6 63. Rb5 Rd6 64. Rf5 Rd5 65. Rf3 Ke5
66. Rf5+ Ke6 67. Rf3 Rb5 68. Ra3 Ke5 69. Re3+ Kd5 70. Rf3 Rb6 71. Rf5+ Ke4 72.
Kg2 Rb2+ 73. Kg3 Rb3+ 74. Kg2 Rb6 75. Kg3 1/2-1/2

[Event "SR Extraliga 2016/2017"]
[Site "?"]
[Date "2017.03.26"]
[Round "11.5"]
[White "Chovan, Milan"]
[Black "Haring, Viktor"]
[Result "1/2-1/2"]
[WhiteElo "2288"]
[BlackElo "2285"]
[PlyCount "48"]
[EventDate "2016.??.??"]

1. c4 e5 2. g3 Nf6 3. Bg2 d5 4. cxd5 Nxd5 5. Nc3 Nb6 6. e3 Nc6 7. Nge2 Be7 8.
O-O O-O 9. f4 f6 10. d4 exd4 11. Nxd4 Nxd4 12. exd4 Kh8 13. Be3 Be6 14. d5 Bg8
15. Rc1 Qd7 16. Qb3 Rfd8 17. a4 Rac8 18. Rfd1 a5 19. Qc2 Bb4 20. b3 Qe7 21. Bf2
Bc5 22. Bh3 Rb8 23. Bg2 Rbc8 24. Bh3 Rb8 1/2-1/2

[Event "SR Extraliga 2016/2017"]
[Site "?"]
[Date "2017.03.26"]
[Round "11.6"]
[White "Haring, Filip"]
[Black "Kolesar, Milan"]
[Result "1-0"]
[WhiteElo "2308"]
[BlackElo "2183"]
[PlyCount "75"]
[EventDate "2016.??.??"]

1. e4 c5 2. Nf3 d6 3. d4 cxd4 4. Nxd4 Nf6 5. Nc3 Nc6 6. Bg5 e6 7. Qd2 a6 8.
O-O-O Bd7 9. f4 b5 10. Bxf6 gxf6 11. Kb1 Qb6 12. Nxc6 Bxc6 13. f5 b4 14. Ne2 e5
15. Ng3 Qc5 16. Nh5 Ke7 17. g4 Rg8 18. Rg1 Rd8 19. Rg3 Bxe4 20. Bd3 Bxd3 21.
Qxd3 Bh6 22. h4 d5 23. g5 fxg5 24. f6+ Ke6 25. hxg5 Rxg5 26. Ng7+ Kd6 27. Nf5+
Rxf5 28. Qxf5 Bf4 29. Rg7 Rd7 30. Qxh7 Ke6 31. Rg8 Rc7 32. Re8+ Kxf6 33. Rf1 a5
34. Qh6+ Kf5 35. Rxf4+ exf4 36. Qh5+ Kf6 37. Qe5+ Kg6 38. Rg8+ 1-0

[Event "SR Extraliga 2016/2017"]
[Site "?"]
[Date "2017.03.26"]
[Round "11.7"]
[White "Sosovicka, Juraj"]
[Black "Magat, Jozef"]
[Result "1/2-1/2"]
[WhiteElo "2153"]
[BlackElo "2078"]
[PlyCount "40"]
[EventDate "2016.??.??"]

1. e4 c6 2. d4 d5 3. exd5 cxd5 4. c4 Nf6 5. Nc3 e6 6. Nf3 Be7 7. Bf4 Nc6 8. c5
O-O 9. a3 a5 10. Bb5 Na7 11. Bd3 Nc6 12. O-O b6 13. Bb5 Na7 14. b4 Nh5 15. Bd2
Nxb5 16. Nxb5 Ba6 17. a4 axb4 18. Bxb4 bxc5 19. Bxc5 Nf6 20. Qd3 Ne4 1/2-1/2

[Event "SR Extraliga 2016/2017"]
[Site "?"]
[Date "2017.03.26"]
[Round "11.8"]
[White "Chovanec, Stefan"]
[Black "Oprea, Erik"]
[Result "0-1"]
[WhiteElo "1719"]
[BlackElo "2168"]
[PlyCount "64"]
[EventDate "2016.??.??"]

1. Nf3 d6 2. d4 c6 3. Bf4 Nf6 4. e3 g6 5. Bd3 Bg7 6. c4 Nbd7 7. Nc3 O-O 8. O-O
Re8 9. Rc1 e5 10. dxe5 dxe5 11. Bg5 h6 12. Bxf6 Nxf6 13. Bc2 Qe7 14. e4 Nh5 15.
Ne2 Bg4 16. Ng3 Rad8 17. Qe2 Nf4 18. Qe3 h5 19. h3 Bh6 20. Kh2 Bxf3 21. Qxf3
Ne6 22. Nxh5 gxh5 23. Qxh5 Bxc1 24. Rxc1 Qg5 25. Qxg5+ Nxg5 26. h4 Ne6 27. g4
Rd2 28. Kg3 Nf4 29. Bd1 Red8 30. Bf3 R8d3 31. Rb1 Ne2+ 32. Kg2 Nd4 0-1

[Event "SR Extraliga 2016/2017"]
[Site "?"]
[Date "2017.03.26"]
[Round "11.1"]
[White "Cernousek, Lukas"]
[Black "Druska, Juraj"]
[Result "1-0"]
[WhiteElo "2456"]
[BlackElo "2437"]
[PlyCount "57"]
[EventDate "2016.??.??"]

1. e4 e6 2. d4 d5 3. Nc3 Nf6 4. e5 Nfd7 5. f4 c5 6. Nf3 Nc6 7. Be3 Be7 8. Qd2
O-O 9. dxc5 Nxc5 10. O-O-O Rb8 11. Qf2 Qa5 12. a3 Na4 13. Nxa4 Qxa4 14. Nd4 Bd7
15. Bb5 Qa5 16. Bd3 b5 17. Nxc6 Bxc6 18. c3 Rb7 19. h4 Qc7 20. Bb1 b4 21. Qc2
g6 22. axb4 a5 23. h5 Be8 24. g4 axb4 25. hxg6 bxc3 26. g7 cxb2+ 27. Kd2 Bb4+
28. Ke2 Bb5+ 29. Kf3 1-0

[Event "SR Extraliga 2016/2017"]
[Site "?"]
[Date "2017.03.26"]
[Round "11.2"]
[White "Leniart, Arkadiusz"]
[Black "Roubalik, Jakub"]
[Result "1-0"]
[WhiteElo "2489"]
[BlackElo "2403"]
[PlyCount "103"]
[EventDate "2016.??.??"]

1. e4 c5 2. Nf3 d6 3. d4 cxd4 4. Nxd4 Nf6 5. Nc3 a6 6. g3 e5 7. Nde2 Nbd7 8.
Bg2 b5 9. O-O Bb7 10. a3 Be7 11. h3 O-O 12. g4 Ne8 13. Nd5 Bg5 14. f4 exf4 15.
Nexf4 Ne5 16. Be3 Nc4 17. Bd4 Nc7 18. Nxc7 Qxc7 19. b3 Ne5 20. Nd5 Bxd5 21.
exd5 Rac8 22. Be4 Rfe8 23. c3 Ng6 24. Qc2 Re7 25. Rae1 Rce8 26. Kh1 Bh4 27. Re3
Qa5 28. Qg2 Qxa3 29. b4 Qb3 30. g5 Qc4 31. Bd3 Qc7 32. Ref3 Be1 33. Qg4 Qb7 34.
h4 Nxh4 35. Qh5 Ng6 36. Rh3 Qxd5+ 37. Kg1 h6 38. Rf5 Qb3 39. Bxg7 Bxc3 40. Bf1
Qb1 41. gxh6 Bxb4 42. Bf6 Kh7 43. Bxe7 Rxe7 44. Rhf3 Bc5+ 45. Kh1 Qe4 46. Bd3
Qh4+ 47. Qxh4 Nxh4 48. R5f4+ Ng6 49. Rxf7+ Kxh6 50. R7f6 Re1+ 51. Kh2 Rg1 52.
Rg3 1-0

[Event "SR Extraliga 2016/2017"]
[Site "?"]
[Date "2017.03.26"]
[Round "11.3"]
[White "Motuz, Karol"]
[Black "Manik, Mikulas"]
[Result "1-0"]
[WhiteElo "2372"]
[BlackElo "2429"]
[PlyCount "27"]
[EventDate "2016.??.??"]

1. d4 d5 2. Nf3 Nf6 3. c4 c6 4. Nc3 e6 5. Bg5 Nbd7 6. e3 Qa5 7. Qb3 Ne4 8. cxd5
exd5 9. Bh4 Bb4 10. Rc1 b6 11. a3 Bxc3+ 12. bxc3 Ba6 13. Qb4 Bxf1 14. Qe7# 1-0